|
|
|
|
| LEADER |
00000nam a22000007a 4500 |
| 005 |
2021051104054.0 |
| 007 |
cr|||| |||| |
| 008 |
210511s2015 co |||||s|||| 00||0 spa d |
| 020 |
|
|
|a 978-958-762-402-1
|
| 035 |
|
|
|a 33400
|
| 040 |
|
|
|a vLex
|
| 090 |
|
|
|c 11640
|d 11640
|
| 245 |
0 |
0 |
|a Liderazgo y resolucin̤ de conflictos
|h [Recurso electrn̤ico] /
|
| 256 |
|
|
|a Servicio en ln̕ea
|
| 260 |
|
|
|a Bogot:̀
|b Ediciones de la U,
|c 2015
|
| 300 |
|
|
|a 1 recurso electrn̤ico
|
| 500 |
|
|
|a La profunda experiencia de profesionales dedicados a la enseąnza ha hecho posible la elaboracin̤ de este manual. Se caracterizan por su hondo conocimiento sobre las necesidades del alumnado, por el uso de una innovadora metodologa̕ de aprendizaje as ̕como por aplicar diferentes tčnicas de motivacin̤ garantizando de este modo el x̌ito de la formacin̤ que imparten. El props̤ito de este manual es el de ser una gua̕ t︢il para el aprendizaje, siendo eminentemente prc̀tica y didc̀tica. La estructura del manual en md̤ulos, temas y epg̕rafes facilita la comprensin̤ de los contenidos, que pueden estar apoyados por ilustraciones, esquemas, resm︢enes, bibliografa̕, glosario. Adems̀, tambiň puede incluir diferentes tests, cuestionarios de evaluacin̤, actividades o casos prc̀ticos con el objeto de que el alumno asimile los conceptos ter̤ico-prc̀ticos del curso.
|
| 506 |
1 |
|
|a Disponible solo en los productos indicados
|d vLex Global
|d vLex Global (Academic Edition, excluding Law Schools)
|d vLex Global (U.S. Academic Edition, Law Schools)
|d vLex Global (U.S. Academic Edition, excluding Law Schools)
|d vLex Global (Academic Edition, Law Schools)
|
| 650 |
0 |
4 |
|a Economa̕ y negocios
|z Colombia
|
| 740 |
0 |
|
|a vLex Libros (Servicio en ln̕ea)
|
| 856 |
4 |
0 |
|u https://vlex.com/source/liderazgo-y-resolucion-de-conflictos-33400
|z Acceso restringido
|
| 942 |
|
|
|c BOOK
|
| 999 |
0 |
|
|a Economy and business
|